| 000 | 00970nam a2200301 a 4500 | ||
|---|---|---|---|
| 001 | 000025203 | ||
| 003 | DO-SdBNP | ||
| 005 | 20180322134308.0 | ||
| 007 | 000025203 | ||
| 008 | 110211s2008 dr a 000 0 spa d | ||
| 020 | _a9993483478 | ||
| 040 |
_aBPMSU _bspa _cBPMSU |
||
| 082 | 0 | 4 |
_a920.72 _bS211C, 2008 |
| 100 | 1 | _aCassá, Roberto | |
| 245 | 1 | 0 |
_aMaría Trinidad Sánchez : _bla heroína de febrero / _cRoberto Cassá ; ilustraciones interior Ramiro Manzano. |
| 250 | _a3a ed. | ||
| 260 |
_aSanto Domingo : _bTobogán, _c2008. |
||
| 300 |
_a59 p. : _bil. ; _c21 cm. |
||
| 490 | 1 | _aBiografías dominicanas Tobogán | |
| 504 | _aBibliografía : p. 59 | ||
| 650 | 4 |
_aSÁNCHEZ, MARÍA TRINIDAD, _d1784-1845 |
|
| 651 |
_aREPÚBLICA DOMINICANA _xBIOGRAFÍAS |
||
| 700 | 1 |
_aManzano, Ramiro, _eil. |
|
| 910 | _aValidado. Control de calidad MFF | ||
| 942 |
_2ddc _cBK |
||
| 945 | _aRemanejado para BNPHU / 2017 VM | ||
| 956 |
_aVMATEO _b10 _c20150907 _lBPMSU _h00151 |
||
| 999 |
_c7463 _d7463 |
||